00222nam a22000737a 4500100004700000245006000047260003200107300000900139 aHaroon Khan SherwaniaHaroon Khan Sherwani aStudies in muslim political thought and administtration alahorebAshraf Press c1970 a294p